Poesias (Record no. 46169)

MARC details
000 -Etiqueta do registo
Valores 00483c a2200181 04500
100 ## - Dados gerais de processamento
Dados gerais 19780801d1978 m y0pory5003 ba
101 0# - Língua de publicação
Língua por
102 ## - País de publicação
País PT
200 1# - Titulo e menção de responsabilidade
Título próprio Poesias
Primeira menção de responsabilidade de Fernando Pessoa
210 #9 - Publicação
Local de publicação Lisboa
Nome do editor Ática,
Data de publicação [imp. 1942]
215 ## - Descrição física 
Paginação / Volumes 269 p.
Outras indicações físicas il.
Dimensões 20 cm
225 2# - Colecção 
Título próprio da colecção Poesia
Informação de outro título obras completas de Fernando Pessoa
Indicação de volume 1
675 ## - CDU
Notação 821.134.3-1"19"
Edição med
Língua por
700 #1 - Autor principal
Apelido Pessoa,
Nome Fernando,
Datas 1888-1935
801 #0 - Fonte de origem
País PT
Agência BN
Regras de catalogação RPC
990 ## - Elementos KOHA
Tipo de documento Livro
Holdings
Aquisição Empréstimo Código de barras Cota Permissão de empréstimo Tipo de documento Nota relativa ao exemplar
Biblioteca Municipal de Redondo Biblioteca Municipal de Redondo 057266 821.134.3-1 PES   Livro oferta de Franklim Amaro Cabreirinha

Powered by Koha